| 000 | 00502nam a2200193Ia 4500 | ||
|---|---|---|---|
| 003 | GCL | ||
| 008 | 140319s9999 xx 000 0 eng d | ||
| 040 |
_aGCL / _cGCL |
||
| 082 | 0 | 4 |
_a658.4034 _bC O |
| 100 | 1 | _aCUPTA, PREMKUMAR | |
| 245 | 1 | 0 |
_aOPERATIONS RESEARCH / _cCUPTA, PREMKUMAR |
| 700 | 1 | _aHIRA, D. S. | |
| 260 |
_a[S.N] : _bS. CHAND & COMPANY LTD ، _c1996 |
||
| 300 | _a1055 P | ||
| 650 | 0 | 4 | _aMANAGEMENT |
| 650 | 0 | 4 | _aDECISION - MAKING |
| 650 | 0 | 4 | _aOPERATION RESEARCH |
| 942 |
_2ddc _cBK |
||
| 999 |
_c10573 _d10573 |
||